PROBLEMA DE LA MINORIA JUDIA EN LA UNION SOVIETICA

Guardat en:
Dades bibliogràfiques
Autor corporatiu: Seminario sobre el Problema de la Minoría Judía en la Unión Soviética ( México)
Format: Actes de congresos Llibre
Matèries:
Etiquetes: Afegir etiqueta
Sense etiquetes, Sigues el primer a etiquetar aquest registre!

MARC

LEADER 00000nam^a2200000^a^4500
001 000243806
005 20250521000000.0
009 20260310105353.231
035 |a 066832 
037 |a Acervo Xavier Clavigero 
082 |a 305. 8924  |b SEM 
111 1 |a Seminario sobre el Problema de la Minoría Judía en la Unión Soviética (  |n 1O :  |d 1971 :  |c México) 
245 1 0 |a PROBLEMA DE LA MINORIA JUDIA EN LA UNION SOVIETICA 
264 |a MEXICO :  |b S/E,  |c 1971 
300 |a 30 p. 
336 |a texto  |b txt  |2 rdacontenido 
337 |a sin mediación  |b n  |2 rdamedio 
338 |a volumen  |b nc  |2 rdasoporte 
649 |a XX 
650 |a JUDIOS -  |x PERSECUCIONES 
650 |a Judíos en Rusia -  |x Historia 
910 |a Fondo General 
920 |a Impresos - Libros 
930 |a Colección General 
905 |a 101 
901 |a 066832  |b IT1  |c ACC  |i 066832  |u 20250521 
901 |a 066833  |b IT1  |c ACC  |i 066833  |u 20250521 
902 |a https://opac.biblio.iteso.mx/vufind/Record/000243806